Las telecomunicaciones /

Đã lưu trong:
Chi tiết về thư mục
Tác giả chính: Safar, Elizabeth (compilación)
Tác giả khác: Pasquali, Antonio (compilación) (compilación)
Định dạng: Sách
Ngôn ngữ:Tiếng Tây Ban Nha
Được phát hành: Mérida, Venezuela : Universidad de los Andes, Departamento de Cine : Fundación del Nuevo Cine Latinoamericano, 1992, c1992
Các nhãn: Thêm thẻ
Không có thẻ, Là người đầu tiên thẻ bản ghi này!

MARC

LEADER 00000nam^a2200000^a^4500
001 000595092
005 20250521000000.0
009 20260310133039.858
020 |a 980-221-587-2 
037 |a Acervo ITESO - Biblioteca 
041 |a ESP 
091 |a FCR. 01913 
100 |a Safar, Elizabeth  |e (compilación) 
245 1 4 |a Las telecomunicaciones / 
264 4 |a Mérida, Venezuela :  |b Universidad de los Andes, Departamento de Cine :  |b Fundación del Nuevo Cine Latinoamericano,  |c 1992, c1992 
300 |a 159 p. 
336 |a texto  |b txt  |2 rdacontenido 
337 |a sin mediación  |b n  |2 rdamedio 
338 |a volumen  |b nc  |2 rdasoporte 
649 |a XX 
700 |a Pasquali, Antonio  |e (compilación) 
910 |a Fondo Cristina Romo Gil 
920 |a Impresos - Libros 
930 |a Fondos Especiales 
905 |a 143 
901 |a 595092-10  |b IT2  |c ESP  |i D122617  |u 20250521 
902 |a https://opac.biblio.iteso.mx/vufind/Record/000595092